000 01100nam a2200193Ii 4500
003 JO-AjNU
008 230605s9999||||xx |||||||||||||| ||und||
040 _aJO-AjNU
_bara
_erda
_cJO-AjNU
041 _aara
050 1 4 _aDS36.8 2010
100 3 _aالمنظمة العربية للتنمية الأدارية، القاهرة,
_eauthor
_951995
245 0 0 _aالحفاظ على التراث التاريخي المعماري والعمراني: بحوث وأوراق عمل ندوة "الحفاظ على التراث الحضاري في الوطن العربي بين النظرية والتطبيق" البتراء- المملكة الأردنية الهاشمية، أغسطس 2009
264 3 1 _aالقاهرة: المنظمة العربية للتنمية الادارية، 2010
300 _a343ص
_bصور توضيحية وخرائط
336 _atext
_btxt
_2rdacontent
337 _aunmediated
_bn
_2rdamedia
338 _avolume
_bnc
_2rdacarrier
650 4 _aالبلاد العربية - التراث الحضاري - التراث الاسلامي - تاريخ - مؤتمرات
_951996
999 _aA23006
_c26574
_d26574